Podnikateľský nápad a jeho rozpracovanie do podnikateľského plánu bakalárska práca

Saved in:
Bibliographic Details
Main Author: Welterová, Alžbeta
Corporate Author: Fakulta podnikového manažmentu EU. Katedra manažmentu
Other Authors: Remeňová, Katarína, 1982-
Format: Book
Language:Slovak
Published: Bratislava 2012
Tags: Add Tag
No Tags, Be the first to tag this record!

MARC

LEADER 00000nbm a2200000 4500
001 0153843
005 20161109111810.8
041 0 |a slo 
044 |a SK 
245 1 0 |a Podnikateľský nápad a jeho rozpracovanie do podnikateľského plánu  |b bakalárska práca  |c Alžbeta Welterová ; školiteľ: Katarína Remeňová 
264 1 |a Bratislava  |c 2012 
300 |a 49 s. 
100 1 |a Welterová, Alžbeta 
700 1 |a Remeňová, Katarína, 1982- 
710 2 |a Fakulta podnikového manažmentu EU. Katedra manažmentu